Largest Francophone Cities - Statistics

General Stats
  • This quiz has been taken 468 times
  • The average score is 17 of 22
Answer Stats
Country City % Correct
France Paris
100%
Canada Montréal
98%
France Lyon
96%
France Marseille
96%
DRC Kinshasa
95%
Haiti Port-au-Prince
95%
Senegal Dakar
91%
France Nice
85%
Rep. of the Congo Brazzaville
84%
Madagascar Antananarivo
82%
Cameroon Yaoundé
80%
France Toulouse
79%
Ivory Coast Abidjan
78%
Mali Bamako
76%
Rwanda Kigali
75%
Burkina Faso Ouagadougou
74%
Niger Niamey
73%
Togo Lomé
68%
Cameroon Douala
52%
DRC Lubumbashi
43%
DRC Mbuji-Mayi
26%
DRC Goma
21%
No matching quizzes found
Score Distribution
Percent of People with Each Score
Percentile by Number Answered
Your Score History
You have not taken this quiz